William James: pragmatismo

שמור ב:
מידע ביבליוגרפי
מחבר ראשי: Torre, Joseph M. de (Author)
פורמט: ספר
שפה:ספרדית
יצא לאור: Madrid Magisterio Español 1983
סדרה:Colección Crítica Filosófica
נושאים:
תגים: הוספת תג
אין תגיות, היה/י הראשונ/ה לתייג את הרשומה!

MARC

LEADER 00000nam a2200000 a 4500
001 UCZ2586
003 CL-VaPUC
008 951005e19830000SP |||||||||||||||||spa|d
082 0 4 |a 144.3  |b TOR  |2 21 
100 0 |a Torre, Joseph M. de  |e author  |9 346365 
245 1 0 |a William James: pragmatismo 
300 |a 130 p 
942 |c BK 
945 |d 19951005 00:00:00  |a cmena 
260 |a Madrid  |b Magisterio Español  |c 1983 
650 0 |a Pragmatismo  |9 316729 
650 0 |a Escuelas filosóficas   |9 266232 
650 0 |a Humanismo  |9 256530 
650 0 |a Religión   |9 255164 
583 |a last modification  |c 19951005 00:00:00  |k Rodrigo Vera 
490 0 |a Colección Crítica Filosófica 
999 |c 239157  |d 239155 
952 |0 0  |1 0  |4 0  |6 144_300000000000000_TOR_1983  |7 0  |8 A  |9 250021  |a BIBEDU  |b BIBEDU  |d 2019-11-18  |i 1568477  |o 144.3 TOR 1983  |p 1568477  |r 2019-11-18  |w 2019-11-18  |y BK  |k FIL 
952 |0 0  |1 0  |4 0  |6 144_300000000000000_TOR_1983  |7 0  |8 A  |9 250022  |a BIBEDU  |b BIBEDU  |d 2019-11-18  |i 1592459  |o 144.3 TOR 1983  |p 1592459  |r 2019-11-18  |w 2019-11-18  |y BK  |k FIL